Indian Standard: Specification for fumigation sheets and covers, rubberized (Record no. 73811)

MARC details
000 -LEADER
fixed length control field 00438nam a2200133Ia 4500
245 #0 - TITLE STATEMENT
Title Indian Standard: Specification for fumigation sheets and covers, rubberized
260 ## - PUBLICATION, DISTRIBUTION, ETC. (IMPRINT)
Place of publication New Delhi
260 ## - PUBLICATION, DISTRIBUTION, ETC. (IMPRINT)
Year of publication 1968
Name of publisher Indian Standards Institution
490 ## - SERIES STATEMENT
Series statement Treated fabrics sectional committee, CETDC 3
500 ## - GENERAL NOTE
General note Standard number: IS 4810
650 ## - SUBJECT ADDED ENTRY--TOPICAL TERM
Topical Term Rubber fumigation sheet
942 ## - ADDED ENTRY ELEMENTS (KOHA)
Koha item type Standards
Holdings
Withdrawn status Lost status Damaged status Not for loan Home library Current library Date acquired Koha item type
      Standards RRII Library RRII Library 31/12/2021 Standards